Central Library OPAC University of Rajshahi

Cases in managerial decisions / (Record no. 75560)

MARC details
000 -LEADER
fixed length control field 00768nam a2200253 a 4500
001 - CONTROL NUMBER
control field 75560
003 - CONTROL NUMBER IDENTIFIER
rucl marc code BD-RjUL
005 - DATE AND TIME OF LATEST TRANSACTION
control field 20211209082717.0
008 - FIXED-LENGTH DATA ELEMENTS--GENERAL INFORMATION
fixed length control field 190424s1964 njuab 000 0 eng
035 ## - SYSTEM CONTROL NUMBER
System control number (BD-RjUL)75778
System control number (OCoLC)229623
040 ## - CATALOGING SOURCE
Original cataloging agency DLC
Transcribing agency ODaWU
Modifying agency OCoLC
-- Uk
-- DLC
-- BD-RjUL
Language of cataloging eng
041 ## - LANGUAGE CODE
Language code of text/sound track or separate title eng
082 ## - DEWEY DECIMAL CLASSIFICATION NUMBER
Edition number 23
Classification number 658
Author mark and year MAC 1964
100 1# - MAIN ENTRY--PERSONAL NAME
Personal name Mantel, Samuel J.
9 (RLIN) 231168
245 10 - TITLE STATEMENT
Title Cases in managerial decisions /
Statement of responsibility, etc. [by] Samuel J. Mantel, Jr.
260 ## - PUBLICATION, DISTRIBUTION, ETC. (IMPRINT)
Place of publication, distribution, etc. Englewood Cliffs, N.J.,
Name of publisher, distributor, etc. Prentice-Hall,
Date of publication, distribution, etc. 1964
300 ## - PHYSICAL DESCRIPTION
Pagination v, 201 p. :
Illustrations illus.;
Size 24 cm.
650 #0 - SUBJECT ADDED ENTRY--TOPICAL TERM
Topical term or geographic name as entry element Industrial management
Form subdivision Case studies.
9 (RLIN) 231169
Topical term or geographic name as entry element Decision making
Form subdivision Case studies.
9 (RLIN) 231170
942 ## - ADDED ENTRY ELEMENTS (KOHA)
Source of classification or shelving scheme Dewey Decimal Classification
Koha item type Books
Holdings
Lost status Source of classification or shelving scheme Damaged status Not for loan Collection code Permanent Location Current Location Shelving location Date acquired Source of acquisition Cost, normal purchase price Total Checkouts Full call number Date last seen Copy number Koha item type
  Dewey Decimal Classification     Non-fiction Central Library, University of Rajshahi Central Library, University of Rajshahi   16/09/1972 Zeitlinger 3.90   658 MAC 1964 24/04/2019 C-2 Books
  Dewey Decimal Classification     Non-fiction Central Library, University of Rajshahi Central Library, University of Rajshahi   16/09/1972 Zeitlinger 3.90   658 MAC 1964 24/04/2019 C-3 Books
  Dewey Decimal Classification   Not For Loan Non-fiction Central Library, University of Rajshahi Central Library, University of Rajshahi Reading Room 15/06/1972 Swets & Zeitlinger 3.90   658 MAC 1964 24/04/2019 C-1 Books